拼音C开头的中国县级行政区County-Level Regions Starts with Pinyin C in China - Statistics

General Stats
  • This quiz has been taken 52 times
  • The average score is 71 of 124
Answer Stats
答案 % Correct
曹县
89%
昌江黎族自治县
89%
昌江区
89%
长安区(石家庄市)
89%
长安区(西安市)
89%
朝阳区(北京市)
89%
朝阳区(长春市)
89%
朝阳县
89%
错那市
89%
昌平区
85%
仓山区
81%
承德县
81%
城中区(柳州市)
81%
城中区(西宁市)
81%
潮阳区
78%
城北区
78%
城东区
78%
城西区
78%
沧县
74%
常宁市
74%
常山县
74%
长乐区
74%
长宁区
74%
长宁县
74%
长阳土家族自治县
74%
城阳区
74%
崇州市
74%
慈溪市
74%
岑溪市
70%
昌乐县
70%
潮安区
70%
城区(阳泉市)
70%
城区(晋城市)
70%
城区(汕尾市)
70%
苍南县
67%
禅城区
67%
昌邑区
67%
昌邑市
67%
潮南区
67%
磁县
67%
从化区
67%
昌图县
63%
常熟市
63%
策勒县
59%
瀍河回族区
59%
长沙县
59%
长兴县
59%
成安县
59%
澄江市
59%
澄迈县
59%
赤水市
59%
丛台区
59%
察哈尔右翼后旗
56%
察哈尔右翼前旗
56%
察哈尔右翼中旗
56%
柴桑区
56%
昌宁县
56%
长白朝鲜族自治县
56%
长垣市
56%
巢湖市
56%
成华区
56%
呈贡区
56%
城关区(拉萨市)
56%
城关区(兰州市)
56%
城口县
56%
崇明区
56%
慈利县
56%
蔡甸区
52%
沧源佤族自治县
52%
苍溪县
52%
册亨县
52%
察隅县
52%
长丰县
52%
长海县
52%
长寿区
52%
长泰区
52%
澄海区
52%
赤壁市
52%
崇川区
52%
崇阳县
52%
淳安县
52%
昌吉市
48%
昌黎县
48%
长清区
48%
辰溪县
48%
陈仓区
48%
茌平区
48%
赤城县
48%
崇礼区
48%
崇仁县
48%
措勤县
48%
茶陵县
44%
长葛市
44%
长岭县
44%
长汀县
44%
成县
44%
城步苗族自治县
44%
城固县
44%
楚雄市
44%
船山区
44%
淳化县
44%
从江县
44%
长武县
41%
城厢区
41%
崇义县
41%
川汇区
41%
船营区
41%
察布查尔锡伯自治县
37%
长顺县
37%
长洲区
37%
成武县
37%
澄城县
37%
崇信县
37%
苍梧县
33%
朝天区
33%
城子河区
33%
翠屏区
33%
曹妃甸区
30%
岑巩县
30%
称多县
30%
赤坎区
30%
察雅县
26%
措美县
26%
陈巴尔虎旗
19%
No matching quizzes found
Score Distribution
Percent of People with Each Score
Percentile by Number Answered
Your Score History
You have not taken this quiz